[Event "Florence op 17th"]
[Site "Florence"]
[Date "2009.12.07"]
[Round "3"]
[White "Tocchioni, Maurizio"]
[Black "Bartolini, Tommaso"]
[Result "0-1"]
[WhiteElo "1939"]
[BlackElo "2185"]
[PlyCount "50"]
[EventDate "2009.12.06"]
[EventType "swiss"]
[EventRounds "6"]
[EventCountry "ITA"]
[SourceTitle "EXT 2012"]
[Source "ChessBase"]
[SourceDate "2011.11.24"]
[SourceVersion "1"]
[SourceVersionDate "2011.11.24"]
[SourceQuality "1"]

1. e4 c5 2. Nf3 d6 3. Bb5+ Nc6 4. b4 cxb4 5. a3 Qb6 6. Qe2 a6 7. axb4 Bd7 8. c3 Rc8 9. Bd3 Nxb4 10. Na3 Nxd3+ 11. Qxd3 Nf6 12. 0-0 e5 13. Re1 Qc6 14. Bb2 Be7 15. h3 0-0 16. Rac1 Nh5 17. Qf1 f5 18. d4 fxe4 19. Nh2 e3 20. Rxe3 Bg5 21. Nc2 Bxe3 22. Nxe3 Ng3 23. Qe1 exd4 24. fxg3 dxe3 25. Qxe3 Rce8 0-1

[Event "Florence Weekend op 2nd"]
[Site "Florence"]
[Date "2007.10.28"]
[Round "5"]
[White "Tocchioni, Maurizio"]
[Black "Bini, Lorenzo"]
[Result "0-1"]
[WhiteElo "1916"]
[BlackElo "2023"]
[PlyCount "68"]
[EventDate "2007.10.26"]
[EventType "swiss"]
[EventRounds "6"]
[EventCountry "ITA"]
[SourceTitle "EXT 2010"]
[Source "ChessBase"]
[SourceDate "2010.11.25"]
[SourceVersion "1"]
[SourceVersionDate "2010.11.25"]
[SourceQuality "1"]

1. d4 f5 2. Nf3 c6 3. a3 a5 4. c4 Nf6 5. Nc3 d6 6. g3 g6 7. Bg2 Bg7 8. 0-0 0-0 9. e3 Qc7 10. Qb3 Kh8 11. Bd2 Be6 12. Rac1 Nbd7 13. Ng5 Bg8 14. d5 Nc5 15. Qc2 a4 16. e4 fxe4 17. Ngxe4 Nfxe4 18. Nxe4 Nb3 19. Bc3 Nxc1 20. Bxg7+ Kxg7 21. Qc3+ Kf7 22. Ng5+ Ke8 23. Rxc1 cxd5 24. Bxd5 Bxd5 25. cxd5 Qxc3 26. Rxc3 Kd7 27. Rc4 Rf5 28. h4 Rxd5 29. Nxh7 b5 30. Rg4 Rc8 31. Rxg6 Rc2 32. Rg5 Rxg5 33. Nxg5 Rxb2 34. h5 b4 0-1

[Event "Florence Weekend op 2nd"]
[Site "Florence"]
[Date "2007.10.27"]
[Round "4"]
[White "Ljubisavljevic, Zivojin Z"]
[Black "Tocchioni, Maurizio"]
[Result "1/2-1/2"]
[WhiteElo "2319"]
[BlackElo "1916"]
[PlyCount "70"]
[EventDate "2007.10.26"]
[EventType "swiss"]
[EventRounds "6"]
[EventCountry "ITA"]
[SourceTitle "EXT 2010"]
[Source "ChessBase"]
[SourceDate "2010.11.25"]
[SourceVersion "1"]
[SourceVersionDate "2010.11.25"]
[SourceQuality "1"]

1. e4 d5 2. exd5 Qxd5 3. Nc3 Qa5 4. d4 c6 5. Bd3 Bf5 6. Nge2 Bxd3 7. Qxd3 Nf6 8. Bd2 Nbd7 9. 0-0-0 e6 10. Kb1 Qc7 11. Bf4 Bd6 12. Bxd6 Qxd6 13. f4 0-0-0 14. h3 Nb6 15. Rhf1 Qb4 16. a3 Qa5 17. Na2 Qf5 18. g4 Qxd3 19. Rxd3 Nc4 20. Kc1 Kb8 21. a4 Rd7 22. b3 Nb6 23. a5 Na8 24. a6 b6 25. Nb4 Rc8 26. Rc3 Rdc7 27. f5 c5 28. dxc5 bxc5 29. Na2 Ne4 30. Rcf3 exf5 31. c4 fxg4 32. hxg4 Nf6 33. Nac3 h6 34. Nf4 Nb6 35. Nd3 Nbd7 1/2-1/2

[Event "Florence Weekend op 2nd"]
[Site "Florence"]
[Date "2007.10.26"]
[Round "1"]
[White "Tocchioni, Maurizio"]
[Black "Corso, Roberto"]
[Result "1-0"]
[WhiteElo "1916"]
[BlackElo "2096"]
[PlyCount "81"]
[EventDate "2007.10.26"]
[EventType "swiss"]
[EventRounds "6"]
[EventCountry "ITA"]
[SourceTitle "EXT 2010"]
[Source "ChessBase"]
[SourceDate "2010.11.25"]
[SourceVersion "1"]
[SourceVersionDate "2010.11.25"]
[SourceQuality "1"]

1. d4 d5 2. Nf3 c6 3. c3 Bf5 4. Bf4 Qb6 5. Qb3 Nd7 6. Nbd2 Ngf6 7. h3 e6 8. Nh4 Bg6 9. Nxg6 hxg6 10. e3 Be7 11. Bd3 Nh5 12. Bh2 c5 13. Qxb6 axb6 14. Bb5 Nhf6 15. a4 0-0 16. 0-0 Rfc8 17. g4 Nb8 18. Kg2 Nc6 19. Bd3 Ra7 20. Bb5 Ne8 21. f3 Bd6 22. f4 Nc7 23. f5 Bxh2 24. Kxh2 gxf5 25. gxf5 Ne7 26. fxe6 fxe6 27. Bd3 Rca8 28. b3 Nc6 29. Rf4 e5 30. Rg4 e4 31. Nxe4 dxe4 32. Bc4+ Kf8 33. Rf1+ Ke8 34. Rxe4+ Kd7 35. Rf7+ Kc8 36. Rxg7 cxd4 37. cxd4 b5 38. axb5 Ra2+ 39. Kg3 Nd8 40. Ree7 Nxb5 41. Bxb5 1-0